000 00602nam a2200229 4500
001 3663150
005 20171215044313.0
008 710823s1970 enkabeh d 000 0 eng
010 _a 76586300
015 _aB70-28677
020 _a0713901373
040 _aDLC
_cDLC
_dDLC
041 _aeng
080 _aR 913.031/03
082 0 0 _aR 913.031/03 BRA
100 1 _a26
101 _aFJA
245 1 2 _aA dictionary of archaeology,
_cby Warwick Bray, David Trump; with drawings by Judith Newcomer.
350 _a45/-
906 _a7
_bcbc
_corignew
_d4
_encip
_f19
_gy-gencatlg
942 _2ddc
_cBK
999 _c38992
_d38992